5HLuxD.jpg

KING HENRY VIII SENIOR AND PRIMARY SCHOOL LIBRARY OPAC

Cambridge IGCSE Biology: (Record no. 2490)

000 -LEADER
fixed length control field 01868cam a2200397 i 4500
001 - CONTROL NUMBER
control field 716146
003 - CONTROL NUMBER IDENTIFIER
control field INLPI
005 - DATE AND TIME OF LATEST TRANSACTION
control field 20230613110317.0
008 - FIXED-LENGTH DATA ELEMENTS--GENERAL INFORMATION
fixed length control field 180308t20052016enka d 001 0 eng d
020 ## - INTERNATIONAL STANDARD BOOK NUMBER
International Standard Book Number 9781471865138
035 ## - SYSTEM CONTROL NUMBER
System control number (SPYDUS)710169
040 ## - CATALOGING SOURCE
Original cataloging agency NLPI
Language of cataloging eng
Transcribing agency NLPI
Modifying agency NLPI
-- KH8
Description conventions rda
042 ## - AUTHENTICATION CODE
Authentication code nbic
082 0# - DEWEY DECIMAL CLASSIFICATION NUMBER
Classification number 570 HAY
100 1# - MAIN ENTRY--PERSONAL NAME
Personal name Hayward, Dave
Relator term author
245 10 - TITLE STATEMENT
Title Cambridge IGCSE Biology:
Name of part/section of a work study and revision guide /
Statement of responsibility, etc. Dave Hayward.
246 30 - VARYING FORM OF TITLE
Title proper/short title IGCSE biology.
246 30 - VARYING FORM OF TITLE
Title proper/short title Biology.
246 30 - VARYING FORM OF TITLE
Title proper/short title Study and revision guide.
250 ## - EDITION STATEMENT
Edition statement Second edition.
264 #1 - PRODUCTION, PUBLICATION, DISTRIBUTION, MANUFACTURE, AND COPYRIGHT NOTICE
Place of production, publication, distribution, manufacture London :
Name of producer, publisher, distributor, manufacturer Hodder Education,
Date of production, publication, distribution, manufacture, or copyright notice 2005.
264 #4 - PRODUCTION, PUBLICATION, DISTRIBUTION, MANUFACTURE, AND COPYRIGHT NOTICE
Date of production, publication, distribution, manufacture, or copyright notice ©2016.
300 ## - PHYSICAL DESCRIPTION
Extent vii, 159 pages :
Other physical details color illustrations;
Dimensions 29 cm.
336 ## - CONTENT TYPE
Content type term text
Content type code txt
Source rdacontent.
336 ## - CONTENT TYPE
Content type term still image
Content type code sti
Source rdacontent.
337 ## - MEDIA TYPE
Media type term unmediated
Media type code n
Source rdamedia.
338 ## - CARRIER TYPE
Carrier type term volume
Carrier type code nc
Source rdacarrie.
500 ## - GENERAL NOTE
General note Includes index.
520 8# - SUMMARY, ETC.
Summary, etc. Providing guidance that helps students practice and troubleshoot their exam technique, these books send them into their exam with the confidence to aim for the best grades. - Enables students to avoid common misconceptions and mistakes by highlighting them throughout- Builds students' skills constructing and writing answers as they progress through a range of practice questions- Allows students to mark their own responses and easily identify areas for improvement using the answers in the back of the book- Helps students target their revision and focus on important concepts and.
650 #0 - SUBJECT ADDED ENTRY--TOPICAL TERM
Topical term or geographic name entry element Biology
General subdivision Examinations
Form subdivision Study guides.
650 #0 - SUBJECT ADDED ENTRY--TOPICAL TERM
Topical term or geographic name entry element Biology
Form subdivision Examinations, questions, etc.
650 #0 - SUBJECT ADDED ENTRY--TOPICAL TERM
Topical term or geographic name entry element Biology
Form subdivision Problems, exercises, etc.
650 #0 - SUBJECT ADDED ENTRY--TOPICAL TERM
Topical term or geographic name entry element International General Certificate of Secondary Education
Form subdivision Study guides.
710 2# - ADDED ENTRY--CORPORATE NAME
Corporate name or jurisdiction name as entry element International General Certificate of Secondary Education (IGCSE)
942 ## - ADDED ENTRY ELEMENTS (KOHA)
Source of classification or shelving scheme
Koha item type Books - Non Ficton
Holdings
Withdrawn status Lost status Source of classification or shelving scheme Damaged status Not for loan Collection code Permanent Location Current Location Shelving location Date acquired Full call number Barcode Date last seen Price effective from Koha item type
          Non-Fiction KH8 Senior School Library KH8 Senior School Library Non Fiction 2023-06-13 570 HAY TRKHSL000535 2023-06-13 2023-06-13 Books - Non Ficton

Powered By KH8 IT Dept